[Event "Biel MTO op"]
[Site "Biel"]
[Date "2000.07.26"]
[Round "3"]
[White "Saravanan, Venkat"]
[Black "Ermeni, Avni"]
[Result "1-0"]
[WhiteElo "2412"]
[BlackElo "2246"]
[PlyCount "133"]
[EventDate "2000.07.24"]
[Source "ChessBase"]
[SourceDate "2000.09.14"]

1. e4 e5 2. Nf3 Nc6 3. Bb5 a6 4. Ba4 Nf6 5. O-O Nxe4 6. d4 b5 7. Bb3 d5 8. dxe5 Be6 9. c3 Nc5 10. Bc2 Bg4 11. Nbd2 Ne6 12. Re1 Qd7 13. h3 Bh5 14. Nf1 Be7 15. Ng3 Bg6 16. Nf5 O-O 17. g4 f6 18. Bb3 Rad8 19. Qe2 Bf7 20. a4 Nxe5 21. Nxe5 fxe5 22. axb5 Nc5 23. Bc2 axb5 24. Nxe7+ Qxe7 25. Qxe5 Qxe5 26. Rxe5 Rde8 27. Rxe8 Rxe8 28. Be3 Na4 29. Bxa4 Ra8 30. b3 Be8 31. Rd1 bxa4 32. bxa4 Ra5 33. Bd4 Bxa4 34. Rb1 Bb5 35. Re1 Kf7 36. Be5 c6 37. Bd6 Ra7 38. Re3 g6 39. Kh2 Rd7 40. Bc5 g5 41. h4 gxh4 42. Kh3 Kg7 43. Kxh4 Rf7 44. Kg3 Bc4 45. Re8 Rb7 46. f4 Bd3 47. f5 h5 48. Bd4+ Kf7 49. Rh8 Rb3 50. Rxh5 c5 51. Bxc5 Rxc3 52. Bd4 Rc4 53. Rh7+ Kf8 54. Be5 Be2 55. f6 Rc6 56. Rd7 d4 57. Bd6+ Ke8 58. Re7+ Kf8 59. Rd7+ Ke8 60. Re7+ Kf8 61. Bb4 Rc4 62. Rb7+ Rxb4 63. Rxb4 d3 64. Rd4 Kf7 65. g5 Kg6 66. Kf4 Kf7 67. Rd7+ 1-0

[Event "Tel Aviv Before Thunder Storm"]
[Site "?"]
[Date "2002.10.26"]
[Round "7"]
[White "Gutzeit Avraham"]
[Black "Bykhovsky Avigdor"]
[Result "1/2-1/2"]
[WhiteElo "2152"]
[BlackElo "2481"]
[PlyCount "102"]
[EventDate "2002.??.??"]
[Source "www.chesslib.no"]
[SourceDate "2004.05.04"]

1. e4 e5 2. Nf3 Nc6 3. Bb5 a6 4. Ba4 Nf6 5. O-O Nxe4 6. d4 b5 7. Bb3 d5 8. dxe5 Be6 9. c3 Nc5 10. Bg5 Qd7 11. Qe2 h6 12. Bh4 g5 13. Bg3 Nxb3 14. axb3 Bc5 15. b4 Bb6 16. Na3 O-O-O 17. Nc2 Kb7 18. Nfd4 h5 19. h4 Nxd4 20. Nxd4 Rdg8 21. f4 gxf4 22. Bxf4 Rg4 23. g3 Rhg8 24. Kh2 Qe7 25. Bg5 R4xg5 26. hxg5 Qxg5 27. Qf2 h4 28. Nxe6 hxg3+ 29. Kg2 fxe6 30. Qe2 Rh8 31. Rh1 Rf8 32. Raf1 Rf2+ 33. Rxf2 gxf2+ 34. Kf3 Qf5+ 35. Kg2 Qf4 36. Rf1 Be3 37. Qh5 Qe4+ 38. Kg3 Qc4 39. Kg2 Qe4+ 40. Kg3 Qc2 41. Qg4 Qd3 42. Kg2 Qe4+ 43. Qxe4 dxe4 44. Rd1 Kc6 45. Kf1 Bb6 46. Ke2 e3 47. Rd8 a5 48. bxa5 Bxa5 49. Rd1 Bb6 50. b4 Ba7 51. Rd8 Bb6 1/2-1/2

[Event "Lima op g25"]
[Site "Lima"]
[Date "1999.??.??"]
[Round "3"]
[White "Urday, Henry"]
[Black "Calle, Miryam"]
[Result "1-0"]
[WhiteElo "2486"]
[BlackElo "2125"]
[PlyCount "43"]
[EventDate "1999.??.??"]
[Source "www.chesslib.no"]
[SourceDate "2004.05.04"]

1. e4 e5 2. Nf3 Nc6 3. Bb5 a6 4. Ba4 Nf6 5. O-O Nxe4 6. d4 b5 7. Bb3 d5 8. dxe5 Be6 9. c3 Nc5 10. Bc2 Bg4 11. h3 Bh5 12. Re1 Ne6 13. a4 Rb8 14. axb5 axb5 15. Nbd2 Be7 16. Nf1 Qd7 17. Ng3 Bg6 18. Nf5 Bxf5 19. Bxf5 O-O 20. Ra6 g6 21. Bc2 Rfe8 22. b4 1-0

[Event "Moscow ol (Women)"]
[Site "Moscow"]
[Date "1994.??.??"]
[Round "9"]
[White "Sedina, Elena"]
[Black "Yudasina, Irina"]
[Result "1-0"]
[WhiteElo "2335"]
[BlackElo "2255"]
[PlyCount "171"]
[EventDate "1994.11.??"]
[Source "ChessBase"]

1. e4 e5 2. Nf3 Nc6 3. Bb5 a6 4. Ba4 Nf6 5. O-O Nxe4 6. d4 b5 7. Bb3 d5 8. dxe5 Be6 9. c3 Nc5 10. Bc2 Bg4 11. Re1 Qd7 12. Nbd2 Be7 13. Nf1 Rd8 14. h3 Bh5 15. Ng3 Bg6 16. Nd4 O-O 17. Nxc6 Qxc6 18. Nf5 Qd7 19. Nxe7+ Qxe7 20. Be3 Rfe8 21. Bxg6 hxg6 22. Bxc5 Qxc5 23. Qd4 Qe7 24. b4 Qd7 25. f4 Re6 26. Rad1 Rc6 27. Qe3 Rc4 28. Rd4 Qc6 29. Rxc4 dxc4 30. e6 Qxe6 31. Qxe6 fxe6 32. Rxe6 Rd1+ 33. Kh2 Kf7 34. Rxa6 Rd3 35. Rc6 Rxc3 36. Rxc7+ Kf6 37. Rc5 Ra3 38. Rxb5 Rxa2 39. Rc5 Rc2 40. h4 c3 41. Kh3 Ke6 42. g3 Rc1 43. Kg4 c2 44. b5 Rb1 45. Rxc2 Rxb5 46. Re2+ Kf6 47. Re5 Rb3 48. Ra5 Rb6 49. Rg5 Rb3 50. h5 gxh5+ 51. Kxh5 Ra3 52. Rg6+ Kf7 53. f5 Ra7 54. g4 Ra1 55. Rb6 Rh1+ 56. Kg5 Rg1 57. Rb7+ Kg8 58. Ra7 Rg2 59. Ra4 Kf7 60. Rf4 Ra2 61. Rf3 Ra1 62. Rb3 Ra6 63. Rb7+ Kf8 64. Rd7 Rb6 65. Rd4 Ra6 66. Re4 Kf7 67. Rf4 Rb6 68. Ra4 Rc6 69. Kf4 Rc1 70. g5 Rf1+ 71. Ke5 Re1+ 72. Re4 Ra1 73. Re3 Ra2 74. Kf4 Rf2+ 75. Kg4 Ra2 76. Rb3 Rg2+ 77. Kh4 Rf2 78. Rb7+ Kf8 79. Kg4 Rg2+ 80. Kh5 Ra2 81. Kg6 Ra6+ 82. f6 gxf6 83. gxf6 Re6 84. Rb8+ Re8 85. Rxe8+ Kxe8 86. Kg7 1-0

[Event "URS Spartakiad"]
[Site "URS"]
[Date "1979.??.??"]
[Round "?"]
[White "Bezhan, G."]
[Black "Polovodin, Igor A"]
[Result "1/2-1/2"]
[WhiteElo "2200"]
[BlackElo "2355"]
[PlyCount "37"]
[EventDate "1979.??.??"]
[Source "ChessBase"]

1. e4 e5 2. Nf3 Nc6 3. Bb5 a6 4. Ba4 Nf6 5. O-O Nxe4 6. d4 b5 7. Bb3 d5 8. dxe5 Be6 9. c3 Nc5 10. Bc2 Bg4 11. Re1 Qd7 12. Nbd2 Rd8 13. Nb3 Ne6 14. h3 Bh5 15. Bf5 Be7 16. a4 Rb8 17. axb5 axb5 18. Qd3 Bxf3 19. Qxf3 1/2-1/2

[Event "URS-ch40 women"]
[Site "Alma Ata KAZ"]
[Date "1980.??.??"]
[Round "?"]
[White "Epstein, Esther"]
[Black "Litinskaya, Marta I"]
[Result "1-0"]
[WhiteElo "2260"]
[BlackElo "2280"]
[PlyCount "75"]
[EventDate "1980.??.??"]
[Source "www.chesslib.no"]
[SourceDate "2004.05.04"]

1. e4 e5 2. Nf3 Nc6 3. Bb5 a6 4. Ba4 Nf6 5. O-O Nxe4 6. d4 b5 7. Bb3 d5 8. dxe5 Be6 9. c3 Nc5 10. Bc2 Bg4 11. h3 Bh5 12. Re1 Qd7 13. b4 Ne6 14. a4 Rb8 15. Bb3 Ne7 16. Be3 c6 17. axb5 axb5 18. Ra7 Rb7 19. Ra8+ Nc8 20. Nbd2 Be7 21. g4 Bg6 22. Nd4 Nc7 23. Rxc8+ Qxc8 24. Nxc6 h5 25. Nxe7 Kxe7 26. Bc5+ Ke8 27. Qf3 hxg4 28. hxg4 Rh4 29. e6 Nxe6 30. Bxd5 Re7 31. Bxe7 Kxe7 32. Ra1 Nc7 33. Qe3+ Kd7 34. Qg3 Nxd5 35. Ra7+ Ke6 36. Nb3 Rh7 37. Nd4+ Kf6 38. g5# 1-0

[Event "Spring op"]
[Site "Budapest"]
[Date "1996.??.??"]
[Round "2"]
[White "Besztercsenyi, Tibor"]
[Black "Fordan, Tibor"]
[Result "1-0"]
[WhiteElo "2310"]
[BlackElo "2225"]
[PlyCount "76"]
[EventDate "1996.??.??"]
[Source "ChessBase"]

1. e4 e5 2. Nf3 Nc6 3. Bb5 a6 4. Ba4 Nf6 5. O-O Nxe4 6. d4 b5 7. Bb3 d5 8. dxe5 Be6 9. c3 Nc5 10. Bc2 Bg4 11. Nbd2 Qd7 12. Re1 Rd8 13. h3 Bh5 14. Nf1 Be7 15. Ng3 Bg6 16. Bxg6 hxg6 17. Bg5 Ne6 18. Bxe7 Nxe7 19. a4 c5 20. axb5 axb5 21. Ra6 O-O 22. Qa1 Nc6 23. h4 c4 24. Qb1 Nc5 25. Rb6 Rb8 26. Rxb8 Rxb8 27. e6 Nxe6 28. h5 Nf4 29. hxg6 Nxg6 30. Nf5 b4 31. cxb4 Nxb4 32. Ne5 Nxe5 33. Rxe5 Nc6 34. Qe1 g6 35. Ne7+ Nxe7 36. Rxe7 Qd6 37. Re3 Qf6 38. Qd2 Rxb2 1-0

[Event "Kazan (Russia)"]
[Site "?"]
[Date "2003.??.??"]
[Round "?"]
[White "Nurmukhanov Timur"]
[Black "Fatkulin Andrey"]
[Result "1-0"]
[WhiteElo "2239"]
[BlackElo "2235"]
[PlyCount "113"]
[EventDate "2003.??.??"]
[Source "www.chesslib.no"]
[SourceDate "2004.05.04"]

1. e4 e5 2. Nf3 Nc6 3. Bb5 a6 4. Ba4 Nf6 5. O-O Nxe4 6. d4 b5 7. Bb3 d5 8. dxe5 Be6 9. c3 Nc5 10. Bc2 Bg4 11. Re1 Be7 12. Be3 O-O 13. Nbd2 b4 14. h3 Be6 15. Nf1 bxc3 16. bxc3 Ne4 17. Bd4 Bf5 18. Ne3 Bg6 19. Bb3 Nxd4 20. cxd4 Bb4 21. Rf1 Nc3 22. Qd2 Rb8 23. a3 Ne4 24. Qc1 Bc3 25. Rb1 c5 26. Nxd5 cxd4 27. Nf4 Nc5 28. Bc2 Rxb1 29. Bxb1 Qb8 30. Bxg6 hxg6 31. Nd5 Qb7 32. Nxc3 Nb3 33. Qb2 dxc3 34. Qxc3 Rc8 35. Qe3 Nc5 36. Ng5 Qb3 37. Qf4 Re8 38. Qh4 Rxe5 39. Qh7+ Kf8 40. Qh8+ Ke7 41. Nf3 Rh5 42. Qxg7 Ne6 43. Re1 Rd5 44. Nd4 Qb1 45. Nc6+ Kd6 46. Rxb1 Nxg7 47. Nb4 Ra5 48. Rd1+ Ke6 49. Rd3 Nf5 50. Rc3 Nd4 51. Re3+ Kf6 52. Kf1 Kf5 53. Ke1 Ra4 54. Kd2 a5 55. g4+ Kg5 56. Na2 f5 57. Nc3 1-0

[Event "Inde (championnat feminin A)"]
[Site "?"]
[Date "2003.11.20"]
[Round "17"]
[White "Swathi Ghate"]
[Black "Saheli Nath"]
[Result "1-0"]
[WhiteElo "2309"]
[BlackElo "2127"]
[PlyCount "93"]
[EventDate "2003.??.??"]
[Source "www.chesslib.no"]
[SourceDate "2004.05.04"]

1. e4 e5 2. Nf3 Nc6 3. Bb5 a6 4. Ba4 Nf6 5. O-O Nxe4 6. d4 b5 7. Bb3 d5 8. dxe5 Be6 9. c3 Nc5 10. Bc2 Bg4 11. Re1 Be7 12. h3 Bh5 13. Nbd2 Qd7 14. Nf1 Rd8 15. Ng3 Bg6 16. Be3 Ne6 17. Nf5 Bxf5 18. Bxf5 g6 19. Bxe6 fxe6 20. Bh6 Bf8 21. Qc1 Bg7 22. Qf4 Rf8 23. Qh4 Bxh6 24. Qxh6 Rf5 25. a4 Rh5 26. Qd2 d4 27. axb5 axb5 28. Rad1 d3 29. Re3 Qe7 30. Rxd3 Rxd3 31. Qxd3 Nxe5 32. Qxb5+ Nd7 33. Qb7 Nb6 34. Re1 Qd6 35. Qb8+ Kf7 36. g4 Rd5 37. Qh8 Qf4 38. Qxh7+ Kf8 39. Qh8+ Ke7 40. Ne5 Kd6 41. Qd8+ Kc5 42. Qxc7+ Kb5 43. Qc6+ Ka6 44. Ra1+ Ra5 45. Rxa5+ Kxa5 46. b4+ Ka6 47. Nd7 1-0

[Event "Corr"]
[Site "?"]
[Date "1997.??.??"]
[Round "?"]
[White "Rosch Hermann V"]
[Black "Jaluvka Josef"]
[Result "1-0"]
[WhiteElo "2289"]
[BlackElo "2140"]
[PlyCount "81"]
[EventDate "1997.??.??"]
[Source "www.chesslib.no"]
[SourceDate "2004.05.04"]

1. e4 e5 2. Nf3 Nc6 3. Bb5 a6 4. Ba4 Nf6 5. O-O Nxe4 6. d4 b5 7. Bb3 d5 8. dxe5 Be6 9. c3 Nc5 10. Bc2 Bg4 11. Re1 Be7 12. Nbd2 O-O 13. Nb3 Ne6 14. Qd3 g6 15. Bh6 Re8 16. Rad1 Bf5 17. Qd2 Bxc2 18. Qxc2 Qd7 19. h4 Rad8 20. h5 Bf8 21. Qd2 Qe7 22. Bxf8 Qxf8 23. hxg6 hxg6 24. Nh2 Ng7 25. Ng4 Nh5 26. Nd4 Nxd4 27. cxd4 Re6 28. Re3 Rd7 29. Rh3 f5 30. Qg5 fxg4 31. Rxh5 Kf7 32. Qf4+ Ke8 33. Qxg4 Rde7 34. Rh7 Kd8 35. Rd3 Qe8 36. Qh4 Kd7 37. Rh8 Qf7 38. Rf3 Qg7 39. Rff8 g5 40. Rd8+ Kc6 41. Qh3 1-0

[Event "C1996S.008"]
[Site "IECG email"]
[Date "1997.??.??"]
[Round "?"]
[White "Brueckel, Gerhard"]
[Black "Jaluvka, Josef"]
[Result "1/2-1/2"]
[WhiteElo "2270"]
[BlackElo "2140"]
[PlyCount "66"]
[EventDate "1997.??.??"]
[Source "www.chesslib.no"]
[SourceDate "2004.05.04"]

1. e4 e5 2. Nf3 Nc6 3. Bb5 a6 4. Ba4 Nf6 5. O-O Nxe4 6. d4 b5 7. Bb3 d5 8. dxe5 Be6 9. c3 Nc5 10. Bc2 Bg4 11. Re1 Be7 12. Nbd2 Qd7 13. h3 Bh5 14. Nf1 Rd8 15. Ng3 Bg6 16. Bxg6 hxg6 17. b4 Ne6 18. a3 d4 19. Qc2 Qd5 20. cxd4 Ncxd4 21. Nxd4 Nxd4 22. Qxc7 Rxh3 23. Be3 Rh4 24. Rac1 Kf8 25. Bxd4 Rxd4 26. Qb6 Rc4 27. Nf1 Rxc1 28. Rxc1 Qxe5 29. Qxa6 Kg8 30. Rc8 Rxc8 31. Qxc8+ Kh7 32. Qh3+ Kg8 33. Qd7 Bf8 1/2-1/2

[Event "EU Ch U20 Girls"]
[Site "Zanka HUN"]
[Date "1995.??.??"]
[Round "7"]
[White "Hagarova, Zuzana"]
[Black "Jaracz, Barbara"]
[Result "1-0"]
[WhiteElo "2230"]
[BlackElo "2155"]
[PlyCount "63"]
[EventDate "1995.??.??"]
[Source "www.chesslib.no"]
[SourceDate "2004.05.04"]

1. e4 e5 2. Nf3 Nc6 3. Bb5 a6 4. Ba4 Nf6 5. O-O Nxe4 6. d4 b5 7. Bb3 d5 8. dxe5 Be6 9. c3 Nc5 10. Bc2 Bg4 11. Re1 Be7 12. Nbd2 d4 13. h3 Bh5 14. b4 dxc3 15. bxc5 cxd2 16. Bxd2 Nd4 17. Be4 Rb8 18. g4 Bg6 19. Nxd4 Qxd4 20. Bc6+ Kf8 21. Be3 Qxd1 22. Raxd1 f6 23. exf6 Bxf6 24. Bf4 Be7 25. Bxc7 Rc8 26. Bd6 Bxd6 27. cxd6 Kf7 28. d7 Rcd8 29. Rd4 Rhf8 30. Bd5+ Kf6 31. h4 Bc2 32. Re6+ 1-0

[Event "Open ch-NOR"]
[Site "?"]
[Date "2004.04.03"]
[Round "1"]
[White "Dannevig Oystein"]
[Black "Brekke Jorunn Marie"]
[Result "1-0"]
[WhiteElo "2372"]
[BlackElo "2009"]
[PlyCount "65"]
[EventDate "2004.??.??"]
[Source "www.chesslib.no"]
[SourceDate "2004.05.04"]

1. e4 e5 2. Nf3 Nc6 3. Bb5 a6 4. Ba4 Nf6 5. O-O Nxe4 6. d4 b5 7. Bb3 d5 8. dxe5 Be6 9. c3 Nc5 10. Bc2 Be7 11. Re1 O-O 12. Nd4 Nxd4 13. cxd4 Nb7 14. Be3 c5 15. Nd2 c4 16. Qh5 g6 17. Qh6 Re8 18. Nf3 Bf8 19. Qf4 Qd7 20. h4 h5 21. Nh2 Bf5 22. Bxf5 Qxf5 23. Qxf5 gxf5 24. Nf1 Kg7 25. Bg5 f4 26. Bxf4 f6 27. Ne3 fxe5 28. Bxe5+ Kf7 29. Nxd5 Red8 30. Nf4 Na5 31. d5 Ra7 32. Rad1 Rad7 33. Ne6 1-0

[Event "Festival internazionale 2007"]
[Site "Verona ITA"]
[Date "2007.01.07"]
[Round "7"]
[White "Massa, Giovanni"]
[Black "Luciani, Carlo"]
[Result "1/2-1/2"]
[WhiteElo "2109"]
[BlackElo "2262"]
[PlyCount "86"]
[EventDate "2007.01.03"]
[Source "www.chesslib.no"]
[SourceDate "2004.05.04"]

1. e4 e5 2. Nf3 Nc6 3. Bb5 a6 4. Ba4 Nf6 5. O-O Nxe4 6. d4 b5 7. Bb3 d5 8. dxe5 Be6 9. c3 Nc5 10. Bc2 Bg4 11. Re1 Qd7 12. Nbd2 Rd8 13. Nb3 Ne6 14. h3 Bh5 15. Bf5 Be7 16. Nbd4 Ncxd4 17. cxd4 c5 18. g4 Bg6 19. dxc5 Bxc5 20. Bg5 Qa7 21. Be3 d4 22. Bd2 Be7 23. a4 b4 24. a5 O-O 25. Rc1 Rc8 26. Qe2 Rfd8 27. Rxc8 Rxc8 28. Qd3 Rd8 29. Rc1 Qb7 30. Kg2 Rd5 31. Kg3 Rxa5 32. Qb3 Nc5 33. Qd1 Bxf5 34. gxf5 Qd5 35. Bf4 Ne4+ 36. Kg2 d3 37. Rc8+ Bf8 38. e6 Qxf5 39. Qxd3 fxe6 40. Rxf8+ Kxf8 41. Qd8+ Kf7 42. Qd7+ Kf8 43. Qd8+ Kf7 1/2-1/2

[Event "otb"]
[Site "otb"]
[Date "2007.04.06"]
[Round "4"]
[White "Miculka Petr"]
[Black "Zavadil Michal"]
[Result "1/2-1/2"]
[WhiteElo "2012"]
[BlackElo "2138"]
[PlyCount "134"]
[Source "www.chesslib.no"]
[SourceDate "2004.05.04"]

1. e4 e5 2. Nf3 Nc6 3. Bb5 a6 4. Ba4 Nf6 5. O-O Nxe4 6. d4 b5 7. Bb3 d5 8. dxe5 Be6 9. c3 Nc5 10. Bc2 Be7 11. Re1 Bg4 12. Nbd2 Qd7 13. Nb3 Ne6 14. Qd3 Bh5 15. Nbd4 Bg6 16. Qd1 Ncxd4 17. Nxd4 Bxc2 18. Qxc2 Nxd4 19. cxd4 Rc8 20. Qe2 O-O 21. e6 fxe6 22. Qxe6+ Qxe6 23. Rxe6 Bd6 24. Bd2 Rfe8 25. Rxe8+ Rxe8 26. Re1 Rxe1+ 27. Bxe1 c5 28. dxc5 Bxc5 29. Kf1 Kf7 30. Ke2 Ke6 31. Kd3 Kf5 32. f3 g6 33. Bd2 h5 34. Be3 Bd6 35. h3 Bf4 36. g4+ hxg4 37. hxg4+ Kg5 38. Bd4 Bc7 39. b3 Kf4 40. Ke2 Be5 41. Be3+ Kg3 42. Bf2+ Kh2 43. Be3 Bg7 44. f4 Kg3 45. f5 Kxg4 46. fxg6 Kf5 47. Kd3 Kxg6 48. Bd4 Bf8 49. Bf2 Kf5 50. Kd4 Ke6 51. Bg3 Bd6 52. Be1 Ba3 53. Bg3 Be7 54. Be1 Bd6 55. Bh4 Bf4 56. Kc5 Be3+ 57. Kc6 d4 58. a4 b4 59. a5 d3 60. Be1 d2 61. Bxd2 Bxd2 62. Kb6 Kd6 63. Kxa6 Kc6 64. Ka7 Kb5 65. a6 Be3+ 66. Kb7 Bb6 67. a7 Bxa7 1/2-1/2

[Event "Corr"]
[Site "?"]
[Date "2000.01.09"]
[Round "?"]
[White "Fuzishawa Richard Mitsuo"]
[Black "Baroin Bernard"]
[Result "1/2-1/2"]
[WhiteElo "1905"]
[BlackElo "2088"]
[PlyCount "107"]
[EventDate "2000.??.??"]
[Source "www.chesslib.no"]
[SourceDate "2004.05.04"]

1. e4 e5 2. Nf3 Nc6 3. Bb5 a6 4. Ba4 Nf6 5. O-O Nxe4 6. d4 b5 7. Bb3 d5 8. dxe5 Be6 9. c3 Nc5 10. Bg5 Qd7 11. Bc2 Bg4 12. Re1 Rb8 13. h3 Bh5 14. Nbd2 d4 15. Nb3 dxc3 16. Qxd7+ Kxd7 17. Rad1+ Kc8 18. bxc3 Bxf3 19. gxf3 Ne6 20. Bf5 h6 21. Bc1 g6 22. Bc2 a5 23. f4 a4 24. Nd4 Nexd4 25. cxd4 Nb4 26. Bb1 Nd5 27. Bd2 c6 28. f5 gxf5 29. Bxf5+ Kb7 30. Rb1 Rd8 31. Be4 Kb6 32. Rec1 h5 33. Rc4 a3 34. Rc2 Bh6 35. f4 f5 36. Bf3 Rhg8+ 37. Kh2 h4 38. Rc5 Rge8 39. Rbc1 Re6 40. Kh1 Bf8 41. Bxd5 cxd5 42. Rc8 Rxc8 43. Rxc8 Be7 44. Rb8+ Kc7 45. Rxb5 Rc6 46. Rb3 Kd8 47. Ba5+ Kd7 48. Rb7+ Ke8 49. Rc7 Ra6 50. Bd2 Rb6 51. Bc1 Kd8 52. Rc2 Rb4 53. Be3 Rb2 54. Rg2 1/2-1/2

[Event "CZE-chT2b 0001"]
[Site "?"]
[Date "2001.??.??"]
[Round "?"]
[White "Sodoma Jan"]
[Black "Dlouhy Martin"]
[Result "1-0"]
[WhiteElo "1790"]
[BlackElo "2005"]
[PlyCount "75"]
[EventDate "2001.??.??"]
[Source "www.chesslib.no"]
[SourceDate "2004.05.04"]

1. e4 e5 2. Nf3 Nc6 3. Bb5 a6 4. Ba4 Nf6 5. O-O Nxe4 6. d4 b5 7. Bb3 d5 8. dxe5 Be6 9. c3 Nc5 10. Bc2 Bg4 11. Bf4 Ne6 12. Bg3 Bc5 13. Re1 Qd7 14. Qd3 Ne7 15. a4 Bf5 16. Qe2 O-O 17. b4 Bb6 18. Na3 c6 19. Rad1 Qb7 20. a5 Ba7 21. Nh4 Bxc2 22. Nxc2 c5 23. Kh1 d4 24. cxd4 cxb4 25. d5 Nxd5 26. Qe4 Rad8 27. Nf5 Bc5 28. Nd6 Qc7 29. Rxd5 Qxa5 30. Ra1 Qb6 31. Nxb4 a5 32. Nd3 Bd4 33. Ra2 Bc3 34. Rxb5 Rxd6 35. Rxb6 Rxb6 36. h4 Nd4 37. Ra3 Bb4 38. Qxd4 1-0